<?xml version="1.0" encoding="UTF-8"?>
<record
    xmlns:xsi="http://www.w3.org/2001/XMLSchema-instance"
    xsi:schemaLocation="http://www.loc.gov/MARC21/slim http://www.loc.gov/standards/marcxml/schema/MARC21slim.xsd"
    xmlns="http://www.loc.gov/MARC21/slim">

  <leader>01297cam a2200361 i 4500</leader>
  <controlfield tag="001">zz2004872298</controlfield>
  <controlfield tag="003">NUKAT</controlfield>
  <controlfield tag="005">20260427215316.0</controlfield>
  <controlfield tag="008">040920s1903    pl     g     |001 0 pol c</controlfield>
  <datafield tag="035" ind1=" " ind2=" ">
    <subfield code="a">(OCoLC)1412977286</subfield>
  </datafield>
  <datafield tag="035" ind1=" " ind2=" ">
    <subfield code="a">(NUKAT)zz2004872298</subfield>
  </datafield>
  <datafield tag="040" ind1=" " ind2=" ">
    <subfield code="a">GD U/TZ</subfield>
    <subfield code="c">GD U/TZ</subfield>
    <subfield code="d">GD U/TZ</subfield>
    <subfield code="d">GD U/KMs</subfield>
    <subfield code="d">WR O/MB</subfield>
  </datafield>
  <datafield tag="041" ind1="0" ind2=" ">
    <subfield code="a">pol</subfield>
    <subfield code="a">ger</subfield>
  </datafield>
  <datafield tag="100" ind1="1" ind2=" ">
    <subfield code="a">Leszczy&#x144;ski, Jan</subfield>
    <subfield code="c">(historyk).</subfield>
    <subfield code="9">40710</subfield>
  </datafield>
  <datafield tag="245" ind1="1" ind2="0">
    <subfield code="a">Rz&#x105;dy rosyjskie w Kraju Tarnopolskim 1809-1815 /</subfield>
    <subfield code="c">przez Jana Leszczy&#x144;skiego.</subfield>
  </datafield>
  <datafield tag="260" ind1=" " ind2=" ">
    <subfield code="a">Krak&#xF3;w ;</subfield>
    <subfield code="a">Warszawa :</subfield>
    <subfield code="b">dr. W. L. Anczyca i S-ki,</subfield>
    <subfield code="c">1903.</subfield>
  </datafield>
  <datafield tag="300" ind1=" " ind2=" ">
    <subfield code="a">XXX, 271, [2] s. :</subfield>
    <subfield code="b">err. ;</subfield>
    <subfield code="c">22 cm.</subfield>
  </datafield>
  <datafield tag="336" ind1=" " ind2=" ">
    <subfield code="a">Tekst</subfield>
    <subfield code="b">txt</subfield>
    <subfield code="2">rdacontent</subfield>
  </datafield>
  <datafield tag="337" ind1=" " ind2=" ">
    <subfield code="a">Bez urz&#x105;dzenia po&#x15B;rednicz&#x105;cego</subfield>
    <subfield code="b">n</subfield>
    <subfield code="2">rdamedia</subfield>
  </datafield>
  <datafield tag="338" ind1=" " ind2=" ">
    <subfield code="a">Wolumin</subfield>
    <subfield code="b">nc</subfield>
    <subfield code="2">rdacarrier</subfield>
  </datafield>
  <datafield tag="380" ind1=" " ind2=" ">
    <subfield code="a">Ksi&#x105;&#x17C;ki</subfield>
  </datafield>
  <datafield tag="490" ind1="1" ind2=" ">
    <subfield code="a">Monografie w Zakresie Dziej&#xF3;w Nowo&#x17C;ytnych ;</subfield>
    <subfield code="v">t. 3</subfield>
  </datafield>
  <datafield tag="504" ind1=" " ind2=" ">
    <subfield code="a">Indeks.</subfield>
  </datafield>
  <datafield tag="546" ind1=" " ind2=" ">
    <subfield code="a">Tekst cz&#x119;&#x15B;c. niem.</subfield>
  </datafield>
  <datafield tag="648" ind1=" " ind2="7">
    <subfield code="a">1801-1900</subfield>
    <subfield code="2">DBN</subfield>
    <subfield code="9">36037</subfield>
  </datafield>
  <datafield tag="650" ind1=" " ind2="7">
    <subfield code="a">Polityka</subfield>
    <subfield code="2">DBN</subfield>
    <subfield code="9">35231</subfield>
  </datafield>
  <datafield tag="651" ind1=" " ind2="7">
    <subfield code="a">Rosja</subfield>
    <subfield code="2">DBN</subfield>
    <subfield code="9">36145</subfield>
  </datafield>
  <datafield tag="651" ind1=" " ind2="7">
    <subfield code="a">Tarnopol (Ukraina ; region)</subfield>
    <subfield code="y">1789-1815.</subfield>
    <subfield code="2">kaba</subfield>
    <subfield code="9">40711</subfield>
  </datafield>
  <datafield tag="658" ind1=" " ind2=" ">
    <subfield code="a">Polityka, politologia, administracja publiczna</subfield>
  </datafield>
  <datafield tag="710" ind1="2" ind2=" ">
    <subfield code="a">W. L. Anczyc i Sp&#xF3;&#x142;ka.</subfield>
    <subfield code="4">pbl</subfield>
    <subfield code="9">4292</subfield>
  </datafield>
  <datafield tag="830" ind1=" " ind2="0">
    <subfield code="a">Monografie w Zakresie Dziej&#xF3;w Nowo&#x17C;ytnych</subfield>
    <subfield code="v">t. 3</subfield>
    <subfield code="9">4293</subfield>
  </datafield>
  <datafield tag="942" ind1=" " ind2=" ">
    <subfield code="2">ddc</subfield>
    <subfield code="c">BK_NM</subfield>
  </datafield>
  <datafield tag="999" ind1=" " ind2=" ">
    <subfield code="c">27814</subfield>
    <subfield code="d">27814</subfield>
  </datafield>
  <datafield tag="952" ind1=" " ind2=" ">
    <subfield code="0">0</subfield>
    <subfield code="1">0</subfield>
    <subfield code="2">ddc</subfield>
    <subfield code="4">0</subfield>
    <subfield code="7">0</subfield>
    <subfield code="8">PBKH</subfield>
    <subfield code="a">BIP</subfield>
    <subfield code="b">PBKH</subfield>
    <subfield code="d">2026-04-27</subfield>
    <subfield code="e">D-35/1965</subfield>
    <subfield code="f">D</subfield>
    <subfield code="i">15435/3</subfield>
    <subfield code="l">0</subfield>
    <subfield code="o">15435/3</subfield>
    <subfield code="p">IPWK23820</subfield>
    <subfield code="r">2026-04-27 21:57:03</subfield>
    <subfield code="w">2026-04-27</subfield>
    <subfield code="y">BK_NM</subfield>
  </datafield>
</record>
